Kadra reprezentacji Chorwacji - MŚ 2014 - Statystyki

Ogólne statystyki
  • Ten quiz został rozwiązany 26 razy
  • Średni wynik to 12 z 24
Statystyki odpowiedzi
Nr Zawodnik Poz % Poprawnych
10 Luka Modrić PO
96%
17 Mario Mandžukić NA
88%
7 Ivan Rakitić PO
83%
6 Dejan Lovren OB
75%
4 Ivan Perišić PO
75%
20 Mateo Kovačić PO
75%
# Niko Kovač Trener
75%
21 Domagoj Vida OB
71%
23 Danijel Subašić BR
67%
11 Darijo Srna OB
67%
18 Ivica Olić NP
63%
14 Marcelo Brozović PO
58%
1 Stipe Pletikosa BR
54%
5 Vedran Ćorluka OB
50%
16 Ante Rebić NA
46%
2 Šime Vrsaljko OB
42%
22 Eduardo NA
38%
15 Milan Badelj PO
29%
3 Danijel Pranjić OB
25%
9 Nikica Jelavić NA
17%
8 Ognjen Vukojević PO
17%
19 Sammir PO
13%
12 Oliver Zelenika BR
8%
13 Gordon Schildenfeld OB
4%
Nie znaleziono quizów pasujących do podanych kryteriów
Rozkład punktacji
Procent ludzi z każdym wynikiem
Percentyl według liczby udzielonych odpowiedzi
Twoja historia wyników
Nie rozwiązałeś tego quizu